| 000 | 01002nam a2200277 i 4500 | ||
|---|---|---|---|
| 001 | 17579 | ||
| 003 | ES-MaACL | ||
| 005 | 20250816062525.0 | ||
| 007 | t| | ||
| 008 | 010404s2000 sp ||||1| spa d | ||
| 020 | _a84-8307-248-3 | ||
| 080 | _a271.972(460.184 Z.)"12" | ||
| 080 | _a27(460.184)"12" | ||
| 100 | 1 |
_aLinehan, Peter. _972428 |
|
| 245 | 1 | 4 |
_aLas dueñas de Zamora _b: secretos, estupro y poderes en la iglesia española del siglo XIII / _cPeter Linehan ; traducción de José Manuel Alvarez Flórez. |
| 250 | _a1ª ed. | ||
| 260 |
_aBarcelona : _bPenínsula, _c2000. |
||
| 300 |
_a214 p. : _bil. ; _c23 cm. |
||
| 490 | 1 |
_aHistoria, ciencia, sociedad ; _v291 |
|
| 610 | 2 | 7 |
_aDominicas- _zZamora- _yS.XIII. _93403 |
| 651 | 4 |
_aZamora (Diócesis)- _xHistoria eclesiástica- _yS.XIII. _99552 |
|
| 700 | 1 |
_aÁlvarez Flórez, José Manuel. _920809 |
|
| 830 | 0 | 0 |
_aHistoria, ciencia, sociedad (Península) _v291 _9177444 |
| 852 |
_aES-MaACL _jL-24496 _bR.129618 |
||
| 999 |
_c17579 _d17579 |
||